| 000 | 00480nam a2200181 i 4500 | ||
|---|---|---|---|
| 001 | 58809 | ||
| 003 | ES-MaACL | ||
| 005 | 20250623142535.0 | ||
| 007 | t| | ||
| 008 | 031024s1920 xxk |||| |beng d | ||
| 100 | 1 |
_aEckenstein, Lina. _9150536 |
|
| 245 | 1 | 0 |
_aDürer / _cby L. Eckenstein. |
| 260 |
_aLondon : _bDuckworth, _c1920. |
||
| 300 |
_aXII, 262 p. ; _c15 cm. |
||
| 600 | 1 | 4 |
_aDürer, Albrecht, _d1471-1528 _9240966 |
| 852 |
_aES-MaACL _jF-465 |
||
| 999 |
_c58809 _d58809 |
||